00531cam a22001577a 4500008004000000020001800040082001200058245012700070260004000197300001000237650003100247650002700278650002800305700001900333700002100352180718b2008 xxu||||| |||| 00| 0 eng d a9780199231430 aT1 Eb66 aThe institutions of the market: organizations, social systems, and governancecedited by Alexander Ebner and Nikolaus Beck aNew DelhibOxford Univ. Pressc2008 a412p. aEconomics - Social aspects aEvolutionary economics aInstitutional economics aBeck, Nikolous aEbner, Alexander